000 00600cam a22002411 4500
001 sa 66002593
003 DLC
005 20260227112230.0
008 940805s1965 ii 000 1 pano
010 _asa 66002593
025 _aPL480:I-Pu-644
035 _a(OCoLC)30890852
040 _aDLC
_cCU
_dCU
_dDLC
042 _apremarc
050 0 0 _aPK2658
_b.B53
100 1 _aBhattal, Kanwerjeet Singh,
_d1946-
245 1 0 _aKoī fera nā luṭṭe.
260 _c[1965]
300 _a116 p.
_c19 cm.
500 _aIn Panjabi.
500 _aShort stories.
650 0 _aShort stories, Panjabi.
999 _c68470
_d68470